Logo BPK

Biblioteka

Politechniki Koszalińskiej

Przeglądy ekologiczne OECD : (Rekord nr 53886)

Szczegóły MARC
000 -ETYKIETA REKORDU
podpole kontrolne o stałej długości 00998nam a2200265 i 4500
001 - NUMER KONTROLNY REKORDU
pole kontrolne bg
020 ## - MIĘDZYNARODOWY ZNORMALIZOWANY NUMER KSIĄŻKI - ISBN
ISBN 8386467177
040 ## - ŹRÓDŁO KATALOGOWANIA
Instytucja, która utworzyła rekord BPK
041 1# - KOD JĘZYKA
Kod języka tekstu pol
Kod języka oryginału eng
-- fre
044 ## - KOD KRAJU WYDAWCY/PRODUCENTA
Kod kraju wydawcy/producenta POL
080 ## - UNIWERSALNA KLASYFIKACJA DZIESIĘTNA - UKD
UKD 502.13/.14
920 ## - Międzynarodowy znormalizowany numer książki – ISBN
ISBN 83-86467-17-7
008 - POLE O STAŁEJ DŁUGOŚCI - DANE KONTROLNE
podpole kontrolne o stałej długości 130116s pl a f |000 0 pol
110 2# - NAZWA CIAŁA ZBIOROWEGO
Nazwa ciała zbiorowego Organizacja Współpracy Gospodarczej i Rozwoju.
245 10 - TYTUŁ/ODPOWIEDZIALNOŚĆ
Tytuł Przeglądy ekologiczne OECD :
Ciąg dalszy tytułu Polska /
Pozostałe elementy strefy tytułu i oznaczenia odpowiedzialności Organizacja Współpracy Gospodarczej i Rozwoju.
246 1# - WARIANT TYTUŁU
Treść wyrażenia wprowadzającego Tyt. oryg.:
Tytuł Environmetal performance reviews :
Ciąg dalszy tytułu Poland
246 30 - WARIANT TYTUŁU
Tytuł Polska
260 ## - STREFA ADRESU WYDAWNICZEGO
Miejsce wydania Warszawa :
Nazwa wydawcy/dystrybutora Ośrodek Współpracy z Państwami o Transformującej się Gospodarce,
Data publikacji, dystrybucji/powstania dokumentu 1995.
300 ## - STREFA OPISU FIZYCZNEGO
Objętość 194, [2] s. :
Inne cechy fizyczne il. ;
Rozmiary 23 cm.
536 ## - UWAGA DOTYCZĄCA ŹRÓDEŁ FINANSOWANIA DZIEŁA
Tekst uwagi Książka sfinansowana przez Ministerstwo Ochrony Środowiska, Zasobów Naturalnych i Leśnictwa
650 #9 - HASŁO PRZEDMIOTOWE W FORMIE NAZWY OGÓLNEJ LUB JEDNOSTKOWEJ
Nazwa ogólna lub geograficzna Polityka ochrony środowiska
Określnik geograficzny Polska
Określnik chronologiczny 1990-.
650 #9 - HASŁO PRZEDMIOTOWE W FORMIE NAZWY OGÓLNEJ LUB JEDNOSTKOWEJ
Nazwa ogólna lub geograficzna Środowisko
Określnik ogólny ochrona
Określnik geograficzny Polska
Określnik chronologiczny 1990-.
650 #9 - HASŁO PRZEDMIOTOWE W FORMIE NAZWY OGÓLNEJ LUB JEDNOSTKOWEJ
Nazwa ogólna lub geograficzna Ekorozwój
Określnik ogólny współpraca międzynarodowa.
856 ## - LOKALIZACJA I DOSTĘP DO ELEKTRONICZNYCH DOKUMENTÓW ZDALNYCH
Link (URL) http://koha.tu.koszalin.pl/cgi-bin/koha/opac-detail.pl?biblionumber=53886
Tekst linku Katalog online BPK
942 ## - DODATKOWE ELEMENTY (KOHA)
Typ dokumentu Książka
Egzemplarze
Wycofany Status egzemplarza Uszkodzony Dostępność Lokalizacja stała Lokalizacja bieżąca Miejsce przechowywania Sygnatura Kod kreskowy Dział Typ dokumentu
      Tylko na miejscu Czytelnia Wydziału Elektroniki i Informatyki, Wydziału Architektury i Wzornictwa, Wydziału Inżynierii Mechanicznej i Energetyki oraz Wydziału Inżynierii Lądowej, Środowiska i Geodezji Czytelnia Wydziału Elektroniki i Informatyki, Wydziału Architektury i Wzornictwa, Wydziału Inżynierii Mechanicznej i Energetyki oraz Wydziału Inżynierii Lądowej, Środowiska i Geodezji Czytelnia Wydziałowa ul. Śniadeckich 2 S 1725 02540979 502.13/.14 Środowisko a społeczeństwo. Ekologia społeczna Książka
© 2023 Biblioteka Politechniki Koszalińskiej :: KOHA